[Event "Forchheim op-B 15th"]
[Site "Forchheim"]
[Date "2016.10.01"]
[Round "1"]
[White "Goda, Frederic"]
[Black "Wieczorek, Heinz"]
[Result "0-1"]
[WhiteElo "1695"]
[BlackElo "1793"]
[PlyCount "86"]
[EventDate "2016.10.01"]
[EventType "swiss"]
[EventRounds "5"]
[EventCountry "GER"]
[SourceTitle "EXT 2019"]
[Source "ChessBase"]
[SourceDate "2018.10.10"]
[SourceVersion "1"]
[SourceVersionDate "2018.10.10"]
[SourceQuality "1"]

1. d4 Nf6 2. c4 e6 3. Nf3 b6 4. g3 Bb7 5. Bg2 Bb4+ 6. Nbd2 0-0 7. 0-0 d5 8. Ne5 a5 9. Qc2 Nc6 10. Nxc6 Bxc6 11. Nf3 dxc4 12. Bf4 Bd5 13. Rfd1 Rc8 14. Ne5 Bxg2 15. Kxg2 Qd5+ 16. f3 b5 17. e4 Qb7 18. a3 Bd6 19. a4 Bxe5 20. Bxe5 Nd7 21. Bf4 Rb8 22. axb5 Qxb5 23. Bxc7 Qxb2 24. Ra2 Qxc2+ 25. Rxc2 Ra8 26. Rxc4 Rfc8 27. d5 exd5 28. exd5 Ra7 29. d6 a4 30. Rcc1 a3 31. Re1 a2 32. Ra1 Kf8 33. Re2 Rca8 34. Rc2 Nf6 35. Rb2 Ke8 36. Kf2 Kd7 37. Ke2 Nd5 38. Bb8 Ra6 39. Rb7+ Kd8 40. Rxf7 Rb6 41. Bc7+ Ke8 42. Bxb6 Kxf7 43. Kd2 Nxb6 0-1

[Event "Forchheim op-B 14th"]
[Site "Forchheim"]
[Date "2015.10.04"]
[Round "5"]
[White "Krastev, Alexander"]
[Black "Goda, Frederic"]
[Result "1-0"]
[WhiteElo "1858"]
[BlackElo "1704"]
[PlyCount "67"]
[EventDate "2015.10.02"]
[EventType "swiss"]
[EventRounds "5"]
[EventCountry "GER"]
[SourceTitle "EXT 2019"]
[Source "ChessBase"]
[SourceDate "2018.10.10"]
[SourceVersion "1"]
[SourceVersionDate "2018.10.10"]
[SourceQuality "1"]

1. e4 c5 2. Nc3 e6 3. Nf3 a6 4. d4 cxd4 5. Nxd4 d5 6. g3 e5 7. Nf3 d4 8. Nxe5 Be6 9. Ne2 Qa5+ 10. c3 Qxe5 11. Qxd4 Nc6 12. Qe3 Nf6 13. Bg2 Bc5 14. Qf4 Bc4 15. Be3 Bxe3 16. Qxe3 Qb5 17. b3 Bd3 18. a4 Qxb3 19. Qxd3 Rd8 20. Qb1 Qc4 21. Ra2 0-0 22. 0-0 Rfe8 23. f3 Ne5 24. Qc2 Rd3 25. Raa1 Re3 26. Rae1 Nd3 27. Rb1 Ne5 28. Rb2 Nd3 29. Rxb7 Qc5 30. Kh1 Qh5 31. Qd2 Nd5 32. exd5 Qxd5 33. Qxe3 Kf8 34. Qd4 1-0

[Event "Forchheim op-B 14th"]
[Site "Forchheim"]
[Date "2015.10.02"]
[Round "1"]
[White "Bauschke, Norman"]
[Black "Goda, Frederic"]
[Result "1/2-1/2"]
[WhiteElo "1605"]
[BlackElo "1704"]
[PlyCount "29"]
[EventDate "2015.10.02"]
[EventType "swiss"]
[EventRounds "5"]
[EventCountry "GER"]
[SourceTitle "EXT 2019"]
[Source "ChessBase"]
[SourceDate "2018.10.10"]
[SourceVersion "1"]
[SourceVersionDate "2018.10.10"]
[SourceQuality "1"]

1. d4 Nf6 2. c4 e6 3. Nc3 d5 4. Nf3 Be7 5. g3 c6 6. cxd5 exd5 7. Bg2 0-0 8. 0-0 Nbd7 9. Re1 Re8 10. e4 dxe4 11. Ng5 Nf8 12. Qb3 Nd5 13. Ngxe4 f5 14. Nxd5 cxd5 15. Nc3 1/2-1/2

[Event "Stuttgart-chB op"]
[Site "Ditzingen"]
[Date "2015.05.15"]
[Round "3"]
[White "Goda, Frederic"]
[Black "Dendic, Amar"]
[Result "1/2-1/2"]
[WhiteElo "1705"]
[BlackElo "1449"]
[PlyCount "36"]
[EventDate "2015.05.17"]
[EventType "swiss"]
[EventRounds "7"]
[EventCountry "GER"]
[SourceTitle "EXT 2018"]
[Source "ChessBase"]
[SourceDate "2017.10.13"]
[SourceVersion "1"]
[SourceVersionDate "2017.10.13"]
[SourceQuality "1"]

1. d4 Nf6 2. Bf4 g6 3. e3 Bg7 4. c4 0-0 5. Be2 d6 6. Nf3 Nc6 7. Nc3 Nd7 8. 0-0 e5 9. Bg3 Kh8 10. d5 Ne7 11. h3 f5 12. Ng5 Nc5 13. f4 h6 14. Nf3 e4 15. Nd4 a5 16. Qc2 Bd7 17. Rad1 Qe8 18. Ndb5 Qb8 1/2-1/2

[Event "Ulm/Neu Ulm-ch"]
[Site "Ulm/Neu Ulm"]
[Date "2008.10.17"]
[Round "3"]
[White "Goda, Frederic"]
[Black "Krapf, Katharina"]
[Result "1-0"]
[WhiteElo "1706"]
[BlackElo "1223"]
[PlyCount "41"]
[EventDate "2008.09.19"]
[EventType "swiss"]
[EventRounds "7"]
[EventCountry "GER"]
[SourceTitle "EXT 2011"]
[Source "ChessBase"]
[SourceDate "2010.11.26"]
[SourceVersion "1"]
[SourceVersionDate "2010.11.26"]
[SourceQuality "1"]

1. d4 Nf6 2. c4 e5 3. e3 Nc6 4. Nc3 d5 5. Nf3 exd4 6. exd4 Bb4 7. a3 Bxc3+ 8. bxc3 0-0 9. Be2 Ne4 10. Bb2 Be6 11. cxd5 Qxd5 12. 0-0 Ne7 13. c4 Qd6 14. d5 Bg4 15. Be5 Qd7 16. Qd4 f5 17. Bxg7 Rf7 18. Ne5 c5 19. Qb2 Qe8 20. Nxf7 Bxe2 21. Nh6# 1-0

[Event "Ulm/Neu Ulm-ch"]
[Site "Ulm/Neu Ulm"]
[Date "2008.09.19"]
[Round "1"]
[White "Goda, Frederic"]
[Black "Schulze, Andreas"]
[Result "0-1"]
[WhiteElo "1706"]
[BlackElo "2173"]
[PlyCount "86"]
[EventDate "2008.09.19"]
[EventType "swiss"]
[EventRounds "7"]
[EventCountry "GER"]
[SourceTitle "EXT 2011"]
[Source "ChessBase"]
[SourceDate "2010.11.26"]
[SourceVersion "1"]
[SourceVersionDate "2010.11.26"]
[SourceQuality "1"]

1. d4 Nf6 2. c4 g6 3. Nc3 d5 4. Nf3 Bg7 5. Bg5 c6 6. e3 0-0 7. Rc1 Qa5 8. Qa4 Qxa4 9. Nxa4 dxc4 10. Nc3 Be6 11. Bxf6 exf6 12. a4 f5 13. Nd2 f4 14. Bxc4 fxe3 15. fxe3 Re8 16. Kf2 Nd7 17. Rhe1 Nf6 18. h3 Rad8 19. Bxe6 Rxe6 20. b4 Nd5 21. Nxd5 Rxd5 22. Nb3 f5 23. Kf3 Rd8 24. b5 cxb5 25. Nc5 Re7 26. axb5 Rd5 27. Rb1 Kf7 28. Re2 b6 29. Na6 Bh6 30. Rb4 Rd8 31. Rc4 Rde8 32. Rc3 Re4 33. Nb4 f4 34. Rc7+ Kf8 35. Nc2 fxe3 36. Rxa7 Rf4+ 37. Kg3 Rf1 38. Ra3 Bf4+ 39. Kh4 Re4 40. Ra8+ Kg7 41. g4 g5+ 42. Kh5 Rh1 43. Ra7+ Kf6 0-1

[Event "Ulm/Neu Ulm-ch"]
[Site "Ulm/Neu Ulm"]
[Date "2007.11.16"]
[Round "5"]
[White "Hartmann, Thomas"]
[Black "Goda, Frederic"]
[Result "1/2-1/2"]
[WhiteElo "1863"]
[BlackElo "1600"]
[PlyCount "96"]
[EventDate "2007.09.21"]
[EventType "swiss"]
[EventRounds "7"]
[EventCountry "GER"]
[SourceTitle "EXT 2011"]
[Source "ChessBase"]
[SourceDate "2010.11.26"]
[SourceVersion "1"]
[SourceVersionDate "2010.11.26"]
[SourceQuality "1"]

1. d4 Nf6 2. c4 g6 3. Nc3 d5 4. cxd5 Nxd5 5. Na4 Bg7 6. e4 Nf6 7. f3 0-0 8. Be3 c6 9. Bd3 Nbd7 10. Ne2 e5 11. 0-0 Re8 12. Bc2 exd4 13. Bxd4 Qc7 14. Bb3 c5 15. Rc1 b6 16. Be3 Bb7 17. Bf4 Ne5 18. Nac3 Rad8 19. Qc2 Qe7 20. Rcd1 Bc6 21. a4 h6 22. Ng3 Rxd1 23. Nxd1 Rd8 24. Nf2 Rd4 25. Ne2 Rb4 26. Bd2 c4 27. Bxb4 Qxb4 28. Ba2 Bxa4 29. Qc3 Qc5 30. Qd4 Qc7 31. Nc3 Nxf3+ 32. gxf3 Ng4 33. e5 Nxe5 34. Qe3 Bc6 35. Nce4 f5 36. Nd2 b5 37. f4 Nf7 38. Nxc4 bxc4 39. Bxc4 Bb7 40. Qe8+ Bf8 41. Rc1 Bd5 42. b3 Qxf4 43. Rc3 Bxc4 44. bxc4 Kg7 45. Qe3 Qxe3 46. Rxe3 Nd6 47. c5 Ne4 48. Nxe4 fxe4 1/2-1/2

[Event "Ulm/Neu Ulm-ch"]
[Site "Ulm/Neu Ulm"]
[Date "2007.10.19"]
[Round "3"]
[White "Goda, Frederic"]
[Black "Lachmayer, Manfred"]
[Result "1/2-1/2"]
[WhiteElo "1600"]
[BlackElo "1900"]
[PlyCount "111"]
[EventDate "2007.09.21"]
[EventType "swiss"]
[EventRounds "7"]
[EventCountry "GER"]
[SourceTitle "EXT 2011"]
[Source "ChessBase"]
[SourceDate "2010.11.26"]
[SourceVersion "1"]
[SourceVersionDate "2010.11.26"]
[SourceQuality "1"]

1. d4 d5 2. Bf4 Nf6 3. e3 e6 4. Nf3 Be7 5. Bd3 Nbd7 6. Nbd2 c5 7. c3 c4 8. Bc2 Qb6 9. Rb1 Bd6 10. Ne5 Qc7 11. Nxd7 Bxd7 12. Bxd6 Qxd6 13. Nf3 Bc6 14. Ne5 Nd7 15. Nxd7 Bxd7 16. Qh5 h6 17. Qe5 Qxe5 18. dxe5 b5 19. a3 0-0 20. 0-0 a5 21. Ra1 g6 22. Rfd1 Bc6 23. Rd4 b4 24. g3 bxc3 25. bxc3 Rfb8 26. Rdd1 Rb2 27. Rdc1 Rab8 28. Kf1 Kg7 29. Ke1 f6 30. exf6+ Kxf6 31. Rab1 h5 32. Kd1 Bd7 33. Rxb2 Rxb2 34. Rb1 Rxb1+ 35. Bxb1 Ba4+ 36. Kd2 e5 37. f3 g5 38. h4 Bc6 39. hxg5+ Kxg5 40. Bc2 h4 41. f4+ Kg4 42. gxh4 e4 43. h5 Kxh5 44. Ke1 Bd7 45. Kf2 Kh4 46. Bd1 Be8 47. Bc2 Kg4 48. Bd1+ Kh4 49. Bc2 Bh5 50. Ba4 Bg4 51. Bc6 Be6 52. Ba4 Kg4 53. Bd1+ Kh4 54. Ba4 Kg4 55. Bc6 Kh4 56. Ba4 1/2-1/2

[Event "Stuttgart-chB int"]
[Site "Gerlingen"]
[Date "2007.05.20"]
[Round "7"]
[White "Rempeli, Alexander"]
[Black "Goda, Frederic"]
[Result "1/2-1/2"]
[WhiteElo "1639"]
[BlackElo "1767"]
[PlyCount "48"]
[EventDate "2007.05.17"]
[EventType "swiss"]
[EventRounds "7"]
[EventCountry "GER"]
[SourceTitle "EXT 2018"]
[Source "ChessBase"]
[SourceDate "2017.10.13"]
[SourceVersion "1"]
[SourceVersionDate "2017.10.13"]
[SourceQuality "1"]

1. d4 Nf6 2. c4 e6 3. Nc3 Bb4 4. e3 b6 5. Bd3 Bb7 6. Nf3 Bxc3+ 7. bxc3 Na6 8. 0-0 0-0 9. Re1 d6 10. e4 c5 11. Bg5 h6 12. Bh4 g5 13. Qd2 Nh7 14. Bg3 f5 15. exf5 exf5 16. h4 Bxf3 17. gxf3 gxh4 18. Qxh6 hxg3 19. Bxf5 Rxf5 20. Qg6+ Kh8 21. Qxf5 gxf2+ 22. Kxf2 Qh4+ 23. Kf1 Qh1+ 24. Kf2 Qh2+ 1/2-1/2

[Event "Stuttgart-chB int"]
[Site "Gerlingen"]
[Date "2007.05.19"]
[Round "5"]
[White "Lhermitte, Jean Christophe"]
[Black "Goda, Frederic"]
[Result "0-1"]
[WhiteElo "1470"]
[BlackElo "1767"]
[PlyCount "20"]
[EventDate "2007.05.17"]
[EventType "swiss"]
[EventRounds "7"]
[EventCountry "GER"]
[SourceTitle "EXT 2018"]
[Source "ChessBase"]
[SourceDate "2017.10.13"]
[SourceVersion "1"]
[SourceVersionDate "2017.10.13"]
[SourceQuality "1"]

1. e4 c5 2. Nf3 Nc6 3. Nc3 Nf6 4. d3 e6 5. Be2 a6 6. 0-0 Be7 7. h3 d6 8. a3 0-0 9. Re1 b5 10. b4 cxb4 0-1

[Event "Stuttgart-chB int"]
[Site "Gerlingen"]
[Date "2007.05.17"]
[Round "2"]
[White "Goda, Frederic"]
[Black "Schnorr, Andreas"]
[Result "1-0"]
[WhiteElo "1767"]
[BlackElo "1358"]
[PlyCount "120"]
[EventDate "2007.05.17"]
[EventType "swiss"]
[EventRounds "7"]
[EventCountry "GER"]
[SourceTitle "EXT 2018"]
[Source "ChessBase"]
[SourceDate "2017.10.13"]
[SourceVersion "1"]
[SourceVersionDate "2017.10.13"]
[SourceQuality "1"]

1. d4 f5 2. Bf4 Nf6 3. e3 g6 4. Nf3 Bg7 5. Bd3 0-0 6. 0-0 d6 7. Qe2 c6 8. Nbd2 Nbd7 9. c3 Qe8 10. Bc4+ d5 11. Bb3 Nb6 12. Ne5 Kh8 13. h3 Ne4 14. f3 Nxd2 15. Qxd2 Nd7 16. Nd3 e5 17. dxe5 Nxe5 18. Nxe5 Bxe5 19. Bxe5+ Qxe5 20. Qd4 Qg7 21. Qxg7+ Kxg7 22. f4 Re8 23. Kf2 Kf6 24. Rad1 Be6 25. Bc2 Re7 26. Rd2 Rae8 27. Re1 a6 28. b4 b5 29. a4 Bd7 30. axb5 axb5 31. Bb3 Be6 32. Bd1 Ra7 33. g4 Rae7 34. g5+ Kf7 35. h4 Kg7 36. h5 Bf7 37. h6+ Kf8 38. Rde2 Ra7 39. e4 dxe4 40. Ke3 Rd8 41. Rd2 Rad7 42. Rxd7 Rxd7 43. Be2 Ke7 44. Rd1 Rxd1 45. Bxd1 Bc4 46. Kd4 Kd6 47. Bc2 Bd5 48. Bb1 Bb3 49. Ke3 Kd5 50. Ke2 Kc4 51. Kd2 c5 52. Bxe4 fxe4 53. f5 cxb4 54. fxg6 bxc3+ 55. Kc1 hxg6 56. h7 Kc5 57. h8Q Be6 58. Qxc3+ Kd5 59. Qb3+ Kd6 60. Qxb5 Bf5 1-0

[Event "Stuttgart-chB int"]
[Site "Ditzingen"]
[Date "2006.05.26"]
[Round "3"]
[White "Goda, Frederic"]
[Black "Koss, Dietrich"]
[Result "0-1"]
[WhiteElo "1564"]
[BlackElo "1768"]
[PlyCount "50"]
[EventDate "2006.05.25"]
[EventType "swiss"]
[EventRounds "7"]
[EventCountry "GER"]
[SourceTitle "EXT 2018"]
[Source "ChessBase"]
[SourceDate "2017.10.13"]
[SourceVersion "1"]
[SourceVersionDate "2017.10.13"]
[SourceQuality "1"]

1. d4 d5 2. Nf3 c6 3. e3 Bf5 4. c4 e6 5. Nc3 Nf6 6. c5 Nbd7 7. b4 a6 8. Be2 h6 9. 0-0 Be7 10. Nd2 e5 11. Nb3 exd4 12. Nxd4 Bg6 13. f3 0-0 14. a4 a5 15. b5 Bxc5 16. bxc6 Bxd4 17. Qxd4 bxc6 18. Ba3 Re8 19. Rad1 Qb6 20. Bc1 Qb4 21. Qd2 Nc5 22. Bb2 Rab8 23. Rb1 Bxb1 24. Rxb1 Nxa4 25. Ba1 Qxb1+ 0-1

[Event "Ulm/Neu Ulm-ch"]
[Site "Ulm/Neu Ulm"]
[Date "2004.10.01"]
[Round "2"]
[White "Mouratidis, Haralambos"]
[Black "Goda, Frederic"]
[Result "1-0"]
[WhiteElo "1666"]
[BlackElo "1399"]
[PlyCount "79"]
[EventDate "2004.09.17"]
[EventType "swiss"]
[EventRounds "7"]
[EventCountry "GER"]
[SourceTitle "EXT 2011"]
[Source "ChessBase"]
[SourceDate "2010.11.26"]
[SourceVersion "1"]
[SourceVersionDate "2010.11.26"]
[SourceQuality "1"]

1. e4 d6 2. d4 Nf6 3. Nc3 g6 4. Bc4 Bg7 5. Nf3 0-0 6. h3 e5 7. dxe5 dxe5 8. Qxd8 Rxd8 9. Nxe5 Be6 10. Bxe6 fxe6 11. Nf3 Nc6 12. Bd2 a6 13. 0-0-0 h6 14. Bf4 b5 15. a3 Re8 16. e5 Nh7 17. Rd7 g5 18. Bh2 Rac8 19. g4 Nf8 20. Rd2 Ng6 21. Re1 Nb8 22. Ne4 Re7 23. Nc5 a5 24. Nd4 b4 25. axb4 axb4 26. Ncxe6 Bxe5 27. Bxe5 c5 28. Bd6 cxd4 29. Bxe7 Nxe7 30. Rxd4 Nbc6 31. Rd6 Ra8 32. Kb1 Ra7 33. Nd4 Nxd4 34. Rxd4 Nc6 35. Rd6 Rc7 36. Ree6 Na5 37. Rg6+ Kh7 38. Rxh6+ Kg7 39. Rdg6+ Kf7 40. Rxg5 1-0